Famous Landmarks - Statistics

General Stats
  • This quiz has been taken 51 times
    7 since last reset
  • The average score is 10 of 16
Answer Stats
Picture Answer % Correct
Big Ben
80%
Christ the Redeemer
80%
Eiffel Tower
80%
Empire State Building
80%
Golden Gate Bridge
80%
Great Wall of China
80%
Statue of Liberty
80%
Stonehenge
80%
The Colosseum
80%
CN Tower
60%
Lincoln Memorial
60%
Space Needle
60%
Washington Monument
60%
Willis Tower
40%
Machu Picchu
20%
Petra
0%
No matching quizzes found
Score Distribution
Percent of People with Each Score
Percentile by Number Answered
Your Score History
You have not taken this quiz since the last reset